The Legend of Zelda: Ocarina of Time Songs by Sheet Music - Statistics

General Stats
  • This quiz has been taken 49 times
  • The average score is 7 of 12
Answer Stats
Picture Answer % Correct
Saria's Song
95%
Epona's Song
67%
Zelda's Lullaby
67%
Bolero of Fire
64%
Song of Storms
64%
Song of Time
62%
Sun's Song
60%
Minuet of Forest
55%
Nocturne of Shadow
52%
Prelude of Light
52%
Requiem of Spirit
52%
Serenade of Water
52%
No matching quizzes found
Score Distribution
Percent of People with Each Score
Percentile by Number Answered
Your Score History
You have not taken this quiz